Conferencias pronunciadas en los días 9, 10, 12 y 14 de Abril de 1923, en el Salón de Grados de la Facultad de Derecho / (Record no. 151009)

MARC details
000 -LEADER
campo de control de longitud fija 00737nam a2200169 i 4500
001 - NÚMERO DE CONTROL
campo de control 151009
003 - IDENTIFICADOR DE NÚMERO DE CONTROL
campo de control ES-MaACL
005 - FECHA Y HORA DE LA ÚLTIMA TRANSACCIÓN
campo de control 20230906203810.0
007 - CAMPO FIJO DE DESCRIPCIÓN FÍSICA--INFORMACIÓN GENERAL
campo de control de longitud fija t|
008 - DATOS DE LONGITUD FIJA--INFORMACIÓN GENERAL
campo de control de longitud fija 071127s1923 sp ||||1| spa d
100 1# - ENTRADA PRINCIPAL--NOMBRE DE PERSONA
Nombre de persona Del Vecchio, Giorgio.
9 (RLIN) 43273
245 10 - MENCIÓN DEL TÍTULO
Título Conferencias pronunciadas en los días 9, 10, 12 y 14 de Abril de 1923, en el Salón de Grados de la Facultad de Derecho /
Mención de responsabilidad, etc. por Giorgio del Vecchio.
260 ## - PUBLICACIÓN, DISTRIBUCIÓN, ETC.
Lugar de publicación, distribución, etc. Madrid :
Nombre del editor, distribuidor, etc. Universidad de Madrid,
Fecha de publicación, distribución, etc. 1923.
300 ## - DESCRIPCIÓN FÍSICA
Extensión 29 p. ;
Dimensiones 23 cm.
505 8# - NOTA DE CONTENIDO CON FORMATO
Nota de contenido con formato Contiene: I. Filosofia del Derecho y esceptismo jurídico -- II. Fundamento racional del Derecho -- III. Evolución histórica del Derecho -- IV. Materialismo historico y progreso jurídico
852 ## - LOCALIZACIÓN
Ubicación ES-MaACL
Número de control de estantería 1661-F-7
Holdings
Estatus retirado Estado de pérdida Estado de daño No para préstamo Colección Biblioteca de origen Biblioteca actual Ubicación en estantería Fecha de adquisición Fuente de adquisición Total de préstamos Signatura topográfica completa Código de barras Visto por última vez Precio de reemplazo Tipo de ítem Koha
        Colección de folletos Biblioteca del Ateneo de Madrid Biblioteca del Ateneo de Madrid Depósito folletos 17/01/2008     1661-F-7 1157575 23/02/2023 23/02/2023 Folleto